| 000 | 02422nam a2200325 c 4500 | ||
|---|---|---|---|
| 001 | 58370 | ||
| 003 | CO-BoRNBP | ||
| 005 | 20250821215547.0 | ||
| 007 | ta | ||
| 008 | 231009t2019 sp |||g| 001 0|spa | | ||
| 020 | _a9788423356355 | ||
| 040 |
_aCO-BoRNBP _bspa _erda _cCO-BoRNBP |
||
| 041 | 0 | _hspa | |
| 084 | _aN | ||
| 100 | 1 |
_aRedondo, Dolores, _d1969- _eaut _959180 |
|
| 245 | 1 | 3 |
_aLa cara norte del corazón / _cDolores Redondo. |
| 250 | _aPrimera edición | ||
| 264 | 1 |
_aBogotá, Colombia : _bPlaneta Colombiana, _c2019 |
|
| 300 | _a686 páginas | ||
| 336 |
_atexto _btxt _2rdacontent |
||
| 337 |
_asin mediación _bn _2rdamedia |
||
| 338 |
_avolumen _bnc _2rdacarrier |
||
| 520 | 3 | _a"Cuando Amaia Salazar tenía doce años estuvo perdida en el bosque durante dieciséis horas. Era de madrugada cuando la encontraron a treinta kilómetros al norte del lugar donde se había despistado de la senda. Desvanecida bajo la intensa lluvia, la ropa ennegrecida y chamuscada como la de una bruja medieval rescatada de una hoguera, y, en contraste, la piel blanca, limpia y helada como si acabase de surgir del hielo.? En agosto de 2005, mucho antes de los crímenes que conmocionaron el valle del Baztán, una joven Amaia Salazar de veinticinco años, subinspectora de la Policía Foral, participa en un curso de intercambio para policías de la Europol en la Academia del FBI, en Estados Unidos, que imparte Aloisius Dupree, el jefe de la unidad de investigación. Una de las pruebas consiste en estudiar un caso real de un asesino en serie a quien llaman «el compositor», que siempre actúa durante grandes desastres naturales atacando a familias enteras y siguiendo una puesta en escena casi litúrgica. Amaia se convertirá inesperadamente en parte del equipo de la investigación que les llevará hasta Nueva Orleans, en vísperas del peor huracán de su historia, para intentar adelantarse al asesino... Pero una llamada de su tía Engrasi desde Elizondo despertará en Amaia fantasmas de su infancia, enfrentándola de nuevo al miedo y a los recuerdos que la dotan de un extraordinario conocimiento de la cara norte del corazón | |
| 521 | _aRecomendado para un público adulto | ||
| 650 | 0 | 7 |
_aCrimen en la literatura _2lemb _939632 |
| 650 | 0 | 4 |
_aLiteratura española _ySiglo XXI _2LEMB _959182 |
| 650 | 0 | 4 |
_aNovela española _ySiglo XXI _2LEMB |
| 650 | 0 | 7 |
_aNovela policiaca _2lemb _914732 |
| 942 |
_2loc _cBKLIT |
||
| 999 |
_c58370 _d58370 |
||